Gaming Quiz

Random Gaming or Pokémon Quiz

Pokémon Attacks- Electric Quiz Stats

 Plays Quiz not verified by Sporcle

Challenge
Share
Tweet
Embed
Score 0/33 Timer 05:00
0 Plays Today
Learned Attack % Correct
Thundurus Lv61Thunder
99.7%
Mareep Lv8Thunder Shock
98.4%
Chinchou Lv23Spark
96.7%
Stunfisk Lv45Thunderbolt
96.3%
Electabuzz Lv29Thunder Punch
95.2%
Minun Lv1Thunder Wave
95.2%
Pikachu by Move TutorVolt Tackle
94.4%
Blitzle Lv8Charge
93.4%
Raikou Lv50Thunder Fang
89.2%
Ampharos Lv40Discharge
87.6%
Zapdos Lv99Zap Cannon
85.6%
Plusle Lv1Nuzzle
81.8%
Zekrom Lv50Fusion Bolt
81.4%
Tynamo Lv1Charge Beam
81%
Emolga Lv42Volt Switch
80.6%
Joltik Lv15Electroweb
78.9%
Luxray Lv63Wild Charge
78.9%
Learned Attack % Correct
Tapu Koko Lv14Shock Wave
76.6%
Pachirisu Lv25Electro Ball
76.6%
Magneton Lv53Magnet Rise
76.3%
Togedemaru Lv33Zing Zap
76.2%
Manectric Lv60Electric Terrain
72.5%
Zekrom Lv100Bolt Strike
72.1%
Dedenne Lv17Parabolic Charge
70.4%
Zeraora Lv43Plasma Fists
68.9%
Z-MoveGigavolt Havoc
67.6%
Z-MoveCatastropika
63.8%
Helioptile Lv45Electrify
59.9%
Xurkitree Lv67Ion Deluge
59.9%
Z-MoveStoked Sparksurfer
59%
Z-Move10,000,000 Volt Thunderbolt
58.1%
Voltorb Lv6Eerie Impulse
54.7%
Magnezone Lv1Magnetic Flux
50.2%

You're not logged in!

Compare scores with friends on all Sporcle quizzes.
OR
Log In

You Might Also Like...

Show Comments

Extras

Top Quizzes Today


Score Distribution

Your Account Isn't Verified!

In order to create a playlist on Sporcle, you need to verify the email address you used during registration. Go to your Sporcle Settings to finish the process.

Report this User

Report this user for behavior that violates our Community Guidelines.

Details: